Statistics for Syosset elementary schools

Click here to take the quiz!

General Stats

  • This quiz has been taken 14 times
  • The average score is 5 of 7

Answer Stats

HintAnswer% Correct
SchoolSouth Grove
100%
SchoolBaylis
75%
SchoolBerry Hill
75%
SchoolRobbins Lane
75%
SchoolWalt Whitman
75%
SchoolWillits
75%
SchoolVilliage
0%

Score Distribution

Percentile by Number Answered

Percent of People with Each Score

Your Score History

You have not taken this quiz